000 00405nam a22001697a 4500
005 20160627094001.0
008 160627b xxu||||| |||| 00| 0 eng d
020 _a0-304-33761-7
041 _aeng
082 _b10338
100 _aKotas Richard and others
_92842
245 _aThe International Hosapitality Business
260 _bCassell
300 _a372
650 _aManagement
_9241
942 _cBK
999 _c4111
_d4110